Michigan Football: Top 10 All-Time Leaders - Statistics

General Stats
  • This quiz has been taken 67 times
    31 since last reset
  • The average score is 15 of 60
Answer Stats
Category # Player Amount % Correct
Sacks T4 Chris Hutchinson 24.0
89%
Passing Yards 6 J.J. McCarthy 6,226
85%
Passing Yards 10 Tom Brady 4,773
81%
Rushing Yards 5 Blake Corum 3,737
74%
Receiving Yards 1 Braylon Edwards 3,541
74%
Interceptions 2 Charles Woodson 18
74%
Passing Yards 1 Chad Henne 9,715
59%
Passing Yards 5 Denard Robinson 6,250
52%
Rushing Yards 2 Denard Robinson 4,495
52%
Passing Yards 7 Todd Collins 5,858
48%
Receiving Yards 10 Cornelius Johnson 2,038
44%
Rushing Yards 1 Mike Hart 5,040
44%
Passing Yards 9 Jim Harbaugh 5,449
37%
Receiving Yards 7 Ronnie Bell 2,269
37%
Receiving Yards 4 Amani Toomer 2,415
33%
Sacks 2 Brandon Graham 29.5
33%
Rushing Yards 6 Tyrone Wheatley 3,671
33%
Rushing Yards 3 Anthony Thomas 4,098
30%
Receiving Yards 3 Anthony Carter 2,681
26%
Passing Yards 3 Elvis Grbac 6,460
26%
Passing Yards 4 Devin Gardner 6,336
22%
Receiving Yards 5 Mario Manningham 2,310
22%
Passing Yards 8 Shea Patterson 5,661
22%
Tackles 3 Erick Anderson 428
19%
Rushing Yards 4 Jamie Morris 3,943
19%
Sacks T4 LaMarr Woodley 24.0
19%
Rushing Yards 7 Chris Perry 3,657
15%
Sacks T4 Glen Steele 24.0
15%
Sacks 3 James Hall 25.0
15%
Tackles 2 Jarrett Irons 440
15%
Receiving Yards 8 Jason Avant 2,247
15%
Interceptions T4 Leon Hall 12
15%
Rushing Yards 9 Rob Lytle 3,202
15%
Tackles 8 Sam Sword 377
15%
Sacks T9 Taco Charlton 19.0
15%
Tackles 6 Andy Cannavino 385
11%
Rushing Yards 10 Billy Taylor 2,934
11%
Interceptions T4 Brad Cochran 12
11%
Passing Yards 2 John Navarre 9,014
11%
Sacks 1 Mark Messner 36.0
11%
Sacks T9 Robert Thompson 19.0
11%
Tackles 1 Ron Simpkins 516
11%
Receiving Yards 6 Roy Roundtree 2,304
11%
Interceptions T7 Thom Darden 11
11%
Interceptions 1 Tom Curtis 25
11%
Receiving Yards 9 Amara Darboh 2,062
7%
Rushing Yards 8 Butch Woolfolk 3,431
7%
Tackles 7 Calvin O'Neal 378
7%
Interceptions T7 DeWayne Patmon 11
7%
Interceptions T4 Gene Derricotte 12
7%
Sacks T4 Jason Horn 24.0
7%
Receiving Yards 2 Jeremy Gallon 2,704
7%
Tackles 9 Mike Boren 369
7%
Tackles 5 Mike Mallory 396
7%
Tackles 4 Paul Girgash 414
7%
Interceptions T7 Rick Volk 11
7%
Tackles 10 Steve Morrison 360
7%
Sacks 8 Tim Jamison 20.0
7%
Interceptions T7 Vada Murray 11
7%
Interceptions 3 Wally Teninga 13
7%
No matching quizzes found
Score Distribution
Percent of People with Each Score
Percentile by Number Answered
Your Score History
You have not taken this quiz since the last reset